| 000 | 00458nam a2200181Ia 4500 | ||
|---|---|---|---|
| 003 | LK-CoDNM | ||
| 008 | 010623t xxu||||| |||| 00| 1 sin d | ||
| 040 |
_aLK-CoDNM _dLK-CoDNM _eLK-CoDNM |
||
| 041 | _asin | ||
| 100 | _aHesiyan,Roi. | ||
| 245 | _aකුරුසීයේ මාර්ගය | ||
| 246 | _aKurusiyee Maargaya | ||
| 260 |
_bPragna _aColombo |
||
| 300 | _b52p., 21 cm | ||
| 650 | _aChristianity | ||
| 700 | _aPremaratne,Nimal. | ||
| 942 | _cBK | ||
| 999 |
_c137906 _d137906 |
||